[Event "Bratislava-ch"]
[Site "Bratislava"]
[Date "2003.04.13"]
[Round "9"]
[White "Merka, Peter"]
[Black "Kordos, Adam"]
[Result "1-0"]
[WhiteElo "1588"]
[BlackElo "1350"]
[PlyCount "67"]
[EventDate "2003.03.??"]
[EventType "swiss"]
[EventRounds "9"]
[EventCountry "SVK"]
[SourceTitle "EXT 2006"]
[Source "ChessBase"]
[SourceDate "2005.11.24"]
[SourceVersion "1"]
[SourceVersionDate "2005.11.24"]
[SourceQuality "1"]

1. e4 e5 2. Nf3 Nc6 3. Nc3 Nf6 4. Bc4 Bc5 5. Bb3 Bxf2+ 6. Kxf2 0-0 7. Rf1 d6 8. d4 Re8 9. dxe5 Nxe5 10. Nxe5 Rxe5 11. Qf3 Bg4 12. Qf4 Qd7 13. Kg1 Rf8 14. Be3 Bh3 15. Bd4 Rh5 16. Bxf6 gxf6 17. Rf2 h6 18. Nd5 Rxd5 19. Bxd5 Kh7 20. gxh3 Qxh3 21. Qf5+ Qxf5 22. exf5 c6 23. Bb3 d5 24. Re1 b5 25. Rg2 a5 26. a4 b4 27. c3 bxc3 28. bxc3 h5 29. h3 Kh6 30. Re7 Kh7 31. Rc7 Kh8 32. Rxc6 Kh7 33. Rxf6 Kh8 34. Rh6# 1-0

[Event "Bratislava-ch"]
[Site "Bratislava"]
[Date "2003.04.03"]
[Round "3"]
[White "Merka, Peter"]
[Black "Miskiv, I."]
[Result "1-0"]
[WhiteElo "1588"]
[BlackElo "1350"]
[PlyCount "105"]
[EventDate "2003.03.??"]
[EventType "swiss"]
[EventRounds "9"]
[EventCountry "SVK"]
[SourceTitle "EXT 2006"]
[Source "ChessBase"]
[SourceDate "2005.11.24"]
[SourceVersion "1"]
[SourceVersionDate "2005.11.24"]
[SourceQuality "1"]

1. e4 e5 2. Nf3 Nc6 3. Nc3 d6 4. Bb5 a6 5. Ba4 b5 6. Bb3 h6 7. d4 exd4 8. Nxd4 Nxd4 9. Qxd4 Be6 10. Bxe6 fxe6 11. 0-0 c5 12. Qd3 b4 13. Ne2 g5 14. a3 bxa3 15. Rxa3 a5 16. Rd1 e5 17. Qf3 Nf6 18. Qh3 Qd7 19. Qf3 Qe6 20. Nc3 Kd7 21. Be3 Kc6 22. Nd5 Be7 23. Bd2 Rhf8 24. Qd3 Nxd5 25. exd5+ Qxd5 26. Bxa5 Qxd3 27. Rdxd3 c4 28. Rh3 Rf6 29. Bb4 Rxa3 30. Bxa3 Kd7 31. Re3 Rf4 32. g3 Rd4 33. Kf1 Rd2 34. Rc3 d5 35. Ke1 Rd4 36. Ke2 g4 37. Bxe7 Kxe7 38. Re3 Re4 39. Rxe4 dxe4 40. Ke3 c3 41. bxc3 Kd6 42. Kxe4 h5 43. c4 Kc5 44. Kxe5 Kxc4 45. Ke4 Kc3 46. f3 gxf3 47. Kxf3 Kxc2 48. g4 hxg4+ 49. Kxg4 Kd3 50. h4 Ke4 51. h5 Ke5 52. Kg5 Ke6 53. Kg6 1-0